Rozbor štruktúry pracovného času vedúcich pracovníkov v podniku záverečná práca postgraduálneho štúdia

Enregistré dans:
Détails bibliographiques
Auteur principal: Lauková, Mária
Collectivité auteur: Vysoká škola ekonomická v Bratislave
Autres auteurs: Rudy, Ján
Format: Livre
Langue:slovaque
Publié: Bratislava 1990
Tags: Ajouter un tag
Pas de tags, Soyez le premier à ajouter un tag!

MARC

LEADER 00000nam a2200000 4500
001 c039190
005 20221215071422.3
041 0 |a slo 
044 |a SK 
245 1 0 |a Rozbor štruktúry pracovného času vedúcich pracovníkov v podniku  |b záverečná práca postgraduálneho štúdia  |c Mária Lauková ; ved. práce Ján Rudy 
264 1 |a Bratislava  |c 1990 
300 |a 51 s. 
100 1 |a Lauková, Mária 
700 1 |a Rudy, Ján 
710 2 |a Vysoká škola ekonomická v Bratislave